| 000 | 00655 a2200169 4500 | ||
|---|---|---|---|
| 020 | _a9694480434 | ||
| 020 | _a9789694480435 | ||
| 090 |
_c1063 _d1063 |
||
| 100 | 1 | _aKennedy, Charles H. | |
| 245 | 1 | 0 |
_aIslamization of laws and economy : _bcase studies on pakistan / _cCharles H Kennedy. |
| 260 |
_a[S.l.] : _bInstitute of Policy Studies : Distributor, Book Promoters, _c1996. |
||
| 300 | _a191 p. | ||
| 500 | _aUnknown Binding. | ||
| 856 | 4 | 0 |
_3Amazon.com _uhttp://www.amazon.com/exec/obidos/ASIN/9694480434/chopaconline-20 |
| 856 | 4 | 0 |
_3Amazon customer reviews _uhttp://www.chopac.org/cgi-bin/tools/azrev.pl?q=9694480434 |
| 942 |
_aNBS _cBK _k349.5491 KEN |
||
| 999 |
_c343597 _d343597 |
||